Normal view
MARC view
- INTERNET.SOFT COMPUTING.FUZZY QUERY.FUZZY LOGIC.DECISION ANALYSIS
Entry Topical Term
001 - CONTROL NUMBER
- control field: 65080
003 - CONTROL NUMBER IDENTIFIER
- control field: NUST
005 - DATE AND TIME OF LATEST TRANSACTION
- control field: 20210628203358.0
008 - FIXED-LENGTH DATA ELEMENTS
- fixed length control field: 210628|| aca||aabn | a|a d
040 ## - CATALOGING SOURCE
- Original cataloging agency: NUST
- Transcribing agency: NUST
150 ## - HEADING--TOPICAL TERM
- Topical term or geographic name entry element: INTERNET.SOFT COMPUTING.FUZZY QUERY.FUZZY LOGIC.DECISION ANALYSIS
670 ## - SOURCE DATA FOUND
- Source citation: Work cat.: (NUST): Nikravesh, Masoud , Zadeh, Lotfi A , Kacprzyk, Janusz 65079, Soft computing for information processing and analysis, 2005
